00494nam a2200145Ia 4500008004100000100002400041245008600065245005900151260005900210260000900269300001100278650001800289650001500307856002600322170221s9999 xx 000 0 und d aTanimu Ahmed Jibril aPotentials of Global Networking in Sms Technology: An Example of Nigerian Users  cTanimu Ahmed Jibril, Tan Bee Hoon Shamsuddeen Mohammed bOnline Journal of Communication and Media Technologies c2013 a33 : 2 xCommunication xMedia Arts uhttp://www.ojcmt.net/